Gaming Quiz

Random Gaming Quiz

Avacyn Restored Card Names Quiz Stats

 Plays Quiz not verified by Sporcle

Challenge
Share
Tweet
Embed
Score 0/229 Timer 20:00
0 Plays Today
Mana Cost Card Name % Correct
5WWWAvacyn, Angel of Hope
90%
3WWUBruna, Light of Alabaster
85%
4RWWGisela, Blade of Goldnight
85%
4BBBBGriselbrand
85%
Alchemist's Refuge
78.3%
3UUTamiyo, the Moon Sage
78.3%
Slayer's Stronghold
76.7%
2GWWSigarda, Host of Herons
76.7%
3GGWolfir Silverheart
75%
Desolate Lighthouse
73.3%
XXRBonfire of the Damned
73.3%
RRTibalt, the Fiend-Blooded
73.3%
XXWWWEntreat the Angels
71.7%
2WWSeraph of Dawn
70%
1GGWolfir Avenger
70%
1WWWAngel of Jubilation
66.7%
1Scroll of Avacyn
65%
1Scroll of Griselbrand
65%
2UUMist Raven
65%
2GTrusted Forcemage
63.3%
3GDruid's Familiar
63.3%
5WWArchangel
61.7%
UWingcrafter
61.7%
4Moonsilver Spear
60%
3WRestoration Angel
60%
Seraph Sanctuary
58.3%
4WWTerminus
58.3%
5UUTemporal Mastery
58.3%
XBDeath Wind
58.3%
5GGGCraterhoof Behemoth
58.3%
Cavern of Souls
56.7%
2UGhostly Flicker
56.7%
3UUDevastation Tide
56.7%
4GGRevenge of the Hunted
56.7%
1UPeel from Reality
55%
4UUDeadeye Navigator
55%
4RRThunderous Wrath
55%
WCathedral Sanctifier
53.3%
5WBanishing Stroke
53.3%
4UGryff Vanguard
53.3%
4UVanishment
53.3%
BBone Splinters
53.3%
4BHomicidal Seclusion
53.3%
8GGPrimal Surge
53.3%
2BDemonic Taskmaster
53.3%
1Bladed Bracers
51.7%
WCloudshift
51.7%
1BButcher Ghoul
51.7%
RPillar of Flame
51.7%
2Tormentor's Trident
50%
1WWSilverblade Paladin
50%
2UUGeist Snatch
50%
3UULone Revenant
50%
2GBorderland Ranger
50%
5Narstad Scrapper
48.3%
1GNightshade Peddler
48.3%
4GGVorstclaw
48.3%
GJoint Assault
48.3%
GAbundant Growth
48.3%
2RThatcher Revolt
48.3%
2Haunted Guardian
46.7%
3UInto the Void
46.7%
4GGPathbreaker Wurm
46.7%
RSomberwald Vigilante
46.7%
RVexing Devil
46.7%
2RRRBurn at the Stake
46.7%
XWDivine Deflection
45%
1WNearheath Pilgrim
45%
1WWEmancipation Angel
45%
3WGoldnight Commander
45%
1UAlchemist's Apprentice
45%
1BBlood Artist
45%
2BBBarter in Blood
45%
1GWandering Wolf
45%
1RKruin Striker
45%
4WWVoice of the Provinces
43.3%
5WWAngel of Glory's Rise
43.3%
Mana Cost Card Name % Correct
UFleeting Distraction
43.3%
3UAmass the Components
43.3%
3Angelic Armaments
41.7%
1WMoorland Inquisitor
41.7%
4WWGoldnight Redeemer
41.7%
3UElgaud Shieldmate
41.7%
5UHavengul Skaab
41.7%
GDiregraf Escort
41.7%
4GGeist Trappers
41.7%
4GBlessings of Nature
41.7%
2RHanweir Lancer
41.7%
3Vessel of Endless Rest
40%
WMidnight Duelist
40%
WRighteous Blow
40%
2WMoonlight Geist
40%
BHunted Ghoul
40%
3GNettle Swine
40%
1WCall to Serve
38.3%
1WZealous Strike
38.3%
UNephalia Smuggler
38.3%
UOutwit
38.3%
2UCrippling Chill
38.3%
1UULatch Seeker
38.3%
2UTandem Lookout
38.3%
BGhoulflesh
38.3%
3BBDemonic Rising
38.3%
2RRHound of Griselbrand
38.3%
1WDefang
36.7%
1WThraben Valiant
36.7%
4WSpectral Gateguards
36.7%
5UUSpirit Away
36.7%
1GTimberland Guide
36.7%
2GDescendant's Path
36.7%
1RLightning Mauler
36.7%
2RRArchwing Dragon
36.7%
2Vanguard's Shield
35%
5Conjurer's Closet
35%
2WWRiders of Gavony
35%
3WWCathar's Crusade
35%
3WWHerald of War
35%
1UGhostly Touch
35%
1USecond Guess
35%
2UUMisthollow Griffin
35%
BBTreacherous Pit-Dweller
35%
2BSearchlight Geist
35%
1BBSoulcage Fiend
35%
3GFlowering Lumberknot
35%
5GHowlgeist
35%
4GGSoul of the Harvest
35%
GSnare the Skies
35%
1GGDruid's Repository
35%
4RRRTyrant of Discord
35%
1WAngelic Wall
33.3%
1UGhostform
33.3%
2UScrapskin Drake
33.3%
3UDreadwaters
33.3%
3UStern Mentor
33.3%
2BBDemonlord of Ashmouth
33.3%
XBKilling Wave
33.3%
2RRHeirs of Stromkirk
33.3%
1RThunderbolt
33.3%
3RRReforge the Soul
33.3%
3Gallows at Willow Hill
31.7%
2UGalvanic Alchemist
31.7%
1BCrypt Creeper
31.7%
BPredator's Gambit
31.7%
1GGChampion of Lambholt
31.7%
2GSomberwald Sage
31.7%
1RFervent Cathar
31.7%
4RZealous Conscripts
31.7%
RGuise of Fire
31.7%
3Angel's Tomb
30%
2UFettergeist
30%
3BDriver of the Dead
30%
4GYew Spirit
30%
1GTerrifying Presence
30%
2RKessig Malcontents
30%
Mana Cost Card Name % Correct
2RRiot Ringleader
30%
3RVigilante Justice
30%
4BBHarvester of Souls
28.3%
2GGloomwidow
28.3%
1RFalkenrath Exterminator
28.3%
3RHavengul Vampire
28.3%
3RRMalignus
28.3%
1USpectral Prison
26.7%
3UStolen Goods
26.7%
5UInfinite Reflection
26.7%
2BBloodflow Connoisseur
26.7%
BAppetite for Brains
26.7%
3BBDescent into Madness
26.7%
GUlvenwald Tracker
26.7%
2GTriumph of Ferocity
26.7%
RBanners Raised
26.7%
3WMidvast Protector
25%
2UULunar Mystic
25%
4URotcrown Ghoul
25%
2BDark Imposter
25%
3BCorpse Traders
25%
4BBGrave Exchange
25%
2BTriumph of Cruelty
25%
1GSheltering Word
25%
2GEaten by Spiders
25%
1GGrounded
25%
RStonewright
25%
3WWDefy Death
23.3%
2UCaptain of the Mists
23.3%
4UArcane Melee
23.3%
1BGloom Surgeon
23.3%
3BBDread Slaver
23.3%
3BBRenegade Demon
23.3%
5RGang of Devils
23.3%
1RBattle Hymn
23.3%
2WFarbog Explorer
21.7%
2WLeap of Faith
21.7%
2UMass Appeal
21.7%
3BEvernight Shade
21.7%
4GWildwood Geist
21.7%
2GNatural End
21.7%
2GLair Delve
21.7%
5BMaalfeld Twins
20%
BHuman Frailty
20%
1GBower Passage
20%
1RScalding Devil
20%
3RMad Prophet
20%
1RMalicious Intent
20%
2RLightning Prowess
20%
4Otherworld Atlas
18.3%
1WCursebreak
18.3%
2WWAngel's Mercy
18.3%
1UFavorable Winds
18.3%
4BMarrow Bats
18.3%
3RRAggravate
18.3%
1RDual Casting
18.3%
4WCommander's Authority
16.7%
3BUndead Executioner
16.7%
4RRaging Poltergeist
16.7%
1RUncanny Speed
16.7%
2WDevout Chaplain
15%
3WBuilder's Blessing
15%
3WHoly Justiciar
15%
4BExquisite Blood
15%
2RRush of Blood
15%
2BNecrobite
13.3%
2BEssence Harvest
13.3%
4GGRain of Thorns
13.3%
3BMental Agony
11.7%
2BUnhallowed Pact
11.7%
2GWild Defiance
11.7%
5RRRite of Ruin
11.7%
1RDangerous Wager
8.3%
3RDemolish
8.3%
4BPolluted Dead
6.7%

You're not logged in!

Compare scores with friends on all Sporcle quizzes.
OR
Log In

You Might Also Like...

Show Comments

Extras

Created Jun 20, 2012ReportNominate
Tags:Card Sets, magic

Top Quizzes Today


Score Distribution

Your Account Isn't Verified!

In order to create a playlist on Sporcle, you need to verify the email address you used during registration. Go to your Sporcle Settings to finish the process.

Report this User

Report this user for behavior that violates our Community Guidelines.

Details: